Komparatívna analýza výdavkov obcí na služby s využitím benchmaringových indikátorov

Benchmarking ako metóda riadenia kvality. Benchmarking vo verejnej správe. Benchmarking v podmienkach miestnych samospráv. Analýza výdavkov obcí na komunálne služby benchmarkingovými indikátormi.

Na minha lista:
Detalhes bibliográficos
Autor principal: Balážová, Eva
Outros Autores: Žárska, Elena, 1955-
Formato: Capítulo de Livro
Idioma:eslovaco
Assuntos:
Tags: Adicionar Tag
Sem tags, seja o primeiro a adicionar uma tag!

MARC

LEADER 00000naa$a2200000$$$4500
001 0055921
005 20240502071633.3
041 0 |a slo 
044 |a SK 
245 1 0 |a Komparatívna analýza výdavkov obcí na služby s využitím benchmaringových indikátorov  |c Eva Balážová, Elena Žárska 
520 |a Benchmarking ako metóda riadenia kvality. Benchmarking vo verejnej správe. Benchmarking v podmienkach miestnych samospráv. Analýza výdavkov obcí na komunálne služby benchmarkingovými indikátormi. 
610 2 0 |a analýza komparatívna 
610 2 0 |a výdavky na správu štátnu 
610 2 0 |a obce 
610 2 0 |a služby komunálne 
610 2 0 |a samospráva 
610 2 0 |a benchmarking 
610 2 0 |a riadenie kvality 
100 1 |a Balážová, Eva 
700 1 |a Žárska, Elena, 1955-